000 00499nam a2200181Ia 4500
008 151018s9999 xx 000 0 und d
082 _bRBASDV10852
_a920
100 _aशिरीष पै
245 _aपप्पा
250 _b1
260 _bपरचुरे प्रकाशन मुंबई
_c1971
300 _a122
600 _aशिरीष पै
630 _aपप्पा
700 _aशिरीष पै
730 _aपप्पा
942 _cBOOK
999 _c1013206
_d1013203